=LDR 00000nam 2200000 4500 =001 INLIS000000000012887 =005 20140614142010.0 =006 =007 =008 Ind =035 ##$$0010-061300000012887 =041 ##$$a Ind =082 ##$$a 658.311 24 =090 ##$$a 658.311 24, Sha w =100 ##$$a Shapiro, Ilo =245 ##$$a Wawancara yang sukses dalam sepekan, Ilo Shapiro =260 ##$$a 2003 $b Jakarta =300 ##$$a 101 hlm., Ilus, 21 cm =650 ##$$a Wawancara =850 ##$$a NBPNMAT =990 ##$$a 0001/BPAP-NTB/2015 =990 ##$$a 21601723/BPAP-NTB/2017